000
00305nam a22001337a 4500
008
170809b xxu||||| |||| 00| 0 eng d
020
_a
9780131865358
041
_a
eng
080
_a
004
100
_a
35
101
_a
SHKI
245
_a
SPSS 13.0 GUIDE TO DATA ANALYSIS
_c
NORUSIS, M.J
942
_2
udc
_c
BK
999
_c
23027
_d
23027